| 000 | 00503 a2200169 4500 | ||
|---|---|---|---|
| 003 | OSt | ||
| 005 | 20231106144921.0 | ||
| 008 | 231106b |||||||| |||| 00| 0 eng d | ||
| 020 | _a9789384355883 | ||
| 040 | _coclc | ||
| 082 |
_a954.83 _bKOC/K |
||
| 100 |
_a Kochangadi, Jamal _92003 |
||
| 245 |
_aKERALA SAMSKARATHILE ADHANA PRADHANANGAL / _cJamal Kochangadi |
||
| 260 |
_aKerala: _bVachanam books, _c2022. |
||
| 300 | _a160 p | ||
| 942 |
_2ddc _cBK _h954.83 _iKOC/K _k954.83 _mKOC/K |
||
| 999 |
_c42826 _d42826 |
||